| 000 | 01404cam a2200337 a 4500 | ||
|---|---|---|---|
| 001 | 4328585 | ||
| 003 | SISC | ||
| 005 | 20160302133228.0 | ||
| 008 | 880502r1988 nyua j 000 0 eng | ||
| 010 | _a 88015693 | ||
| 020 |
_a0872261921 : _c$12.95 |
||
| 040 |
_aDLC _cDLC _dDLC |
||
| 042 | _alcac | ||
| 050 | 0 | 0 |
_aPR 2877 _b.B46 1993 |
| 082 | 0 | 0 |
_aHS 822.33H _b B53 1988 |
| 100 | 1 |
_aBirch, Beverley. _915503 |
|
| 245 | 1 | 0 |
_aShakespeare's stories. _pHistories / _cretold by Beverley Birch ; illustrated by Robina Green. |
| 250 | _a1st American ed. | ||
| 260 |
_aNew York : _bP. Bedrick Books, _cc1988. |
||
| 300 |
_a126 p. : _bill. ; _c22 cm. |
||
| 520 | _aPresents the stories of five of Shakespeare's plays: Antony and Cleopatra, Richard III, Henry IV, Henry V, and Julius Caesar. | ||
| 600 | 1 | 0 |
_aShakespeare, William, _d1564-1616 _xHistories _vAdaptations _vJuvenile literature. _915504 |
| 600 | 1 | 0 |
_aShakespeare, William, _d1564-1616 _xStories, plots, etc. _vJuvenile literature. _915505 |
| 600 | 1 | 1 |
_aShakespeare, William, _d1564-1616 _vAdaptations. _915506 |
| 700 | 1 |
_aGreen, Robina, _eill. _915507 |
|
| 700 | 1 |
_aShakespeare, William, _d1564-1616. _tPlays. _kSelections. _f1988. _915508 |
|
| 906 |
_a7 _bcbc _corignew _d1 _eocip _f19 _gy-gencatlg |
||
| 942 |
_2lcc _cBK |
||
| 999 |
_c9922 _d9922 |
||